27 Mart 1994 yerel seçimleri (Record no. 6532)

MARC details
000 -BAŞLIK
Sabit Uzunlukta Kontrol Alanı 00738na a2200229 4500
001 - KONTROL NUMARASI
Denetim Alanı 14703
003 - KONTROL NUMARASI IDENTIFIER
Denetim Alanı MIRAKIL
005 - SON İŞLEM TARİHİ VE ZAMANI
Denetim Alanı 20181213155110.0
008 - SABİT-BOY VERİ ELEMANLARI - GENEL BİLGİLER
Sabit Uzunlukta Kontrol Alanı 161026b tu 000 0
035 ## - SİSTEM KONTROL NUMARASI
Sistem Kontrol Numarası 14703
040 ## - KATALOGLAMA KAYNAK
Orijinal Kataloglama Ajansı Milas
Kataloglama Dili tur
Metne Dönüştürmek Ajansı TR-AnCHP
041 ## - DİL KODU
Metin / Ses Parça Veya Ayrı Başlığın Dil Kodu tur
082 ## - DEWEY ONLU SINIFLANDIRMA NUMARASI
Sınıflandırma Numarası 324.9561
Ürün Numarası Y56 1994
090 ## - SINIFLAMA NUMARASI
Sınıflama Numarası 324.9561 Y56 1994
245 ## - BAŞLIK TABLOSU
Başlık 27 Mart 1994 yerel seçimleri
Başlığın Kalan sayısal ve siyasal değerlendirme
Sorumluluk Tablosu, Vb yayına hazırlayanlar Erkan Küçükkayalar ...[ve öte.]
260 ## - YAYIN, DAĞITIM, VB
Yayın, Dağıtım, Vb Yeri Ankara
Yayıncı, Dağıtıcı, Vs Adı TESAV
Yayın, Dağıtım, Vb Tarihi 1994
300 ## - FİZİKSEL TANIM
Kapsam 140 s.
Diğer Fiziksel Ayrıntıları tbl.
Boyutlar 19 sm.
650 ## - KONU KATMA GİRİŞ - TOPİKAL DÖNEM
Topikal Süreli Veya Coğrafi Ad Giriş Elemanı Siyasal süreç
Genel Alt Bölümü Yerel seçimler, 1994
Kronolojik Alt Bölümü Değerlendirmeler
650 ## - KONU KATMA GİRİŞ - TOPİKAL DÖNEM
Topikal Süreli Veya Coğrafi Ad Giriş Elemanı Yerel seçimler
Genel Alt Bölümü Değerlendirme
Kronolojik Alt Bölümü 1994
Coğrafi Alt Bölümü Türkiye
700 ## - KATMA GİRİŞ - KİŞİSEL İSİM
Kişisel Ad Küçükkayalar, Erkan
942 ## - EKLENDİ GİRİŞ ELEMANLARI (KOHA)
Sınıflandırma Veya Raf Düzeni Kaynak Dewey Decimal Classification
Koha Öğesi Türü Books
999 ## - SİSTEM KONTROL NUMARALARI (KOHA)
Koha Biblionumber 6532
Koha Biblioitemnumber 6532
Holdings
Kalıcı Konum Mevcut Konum Edinme Tarihi Edinim Kaynak Toplam Check-Out'Lar Tam Çağrı Numarası Barkod Tarih Son Görülme İtibaren Geçerli Fiyatlar Koha Öğesi Türü
CHP Kütüphanesi CHP Kütüphanesi 08/30/2016 Bağış   324.9561 Y56 1994 002739 08/30/2016 08/30/2016 Books